000
00250nam a2200097Ia 4500
001
703824
005
20250826162359.0
008
250824s9999 xx 000 0 und d
245
0
_a
YOLUN BAŞINDAKİLER
_c
CEMİL KAVUKÇU
260
_b
GÜNIŞIĞI YAYINLARI
999
_c
703824
_d
703824